| 000 | 00409nam a2200181Ia 4500 | ||
|---|---|---|---|
| 001 | 1320 | ||
| 005 | 20260306143719.0 | ||
| 008 | 260306t2011||||xx |||||||||||||| ||spa|| | ||
| 041 | _aESP | ||
| 082 |
_a193 _bW943 |
||
| 100 |
_aWiggershaus, Rolf _eAUT |
||
| 245 | 0 | _aLa escuela de Fráncfort | |
| 260 | _c2011 | ||
| 300 |
_a928 páginas : _c |
||
| 650 | _aGEN | ||
| 654 | _aCHU | ||
| 942 |
_cLIB _dJUS _fJUS _2ddc _n |
||
| 999 |
_c1320 _d1320 |
||